| 000 | 02113 a2200313 4500 | ||
|---|---|---|---|
| 003 | OSt | ||
| 005 | 20180116192328.0 | ||
| 008 | 120508t xxu||||| |||| 00| 0 eng d | ||
| 020 | _a0750636327 (paperback) | ||
| 020 | _a9780750636322 (paperback) | ||
| 040 | _c0 | ||
| 082 | 0 | 4 | _a711 |
| 100 | 1 |
_aCarmona, Matthew. _91194 |
|
| 245 | 1 | 0 |
_aPublic places - urban spaces / _cMatthew Carmona, Tim Heath, Taner Oc, Steve Tiesdell. |
| 250 | _a1st ed. | ||
| 260 |
_aBoston _bArchitectural Press, _c2003. |
||
| 300 |
_avii, 312p. ; _c25 cm. |
||
| 500 | _aIncludes index | ||
| 520 | _aPublic Places - Urban Spaces is a holistic guide to the many complex and interacting dimensions of urban design. The discussion moves systematically through ideas, theories, research and the practice of urban design from an unrivalled range of sources. It aids the reader by gradually building the concepts one upon the other towards a total view of the subject. The author team explain the catalysts of change and renewal, and explore the global and local contexts and processes within which urban design operates. The book presents six key dimensions of urban design theory and practice - the social, visual, functional, temporal, morphological and perceptual - allowing it to be dipped into for specific information, or read from cover to cover. This is a clear and accessible text that provides a comprehensive discussion of this complex subject. * Learn all you need to know about design of urban spaces from this one-stop introductory guide *Gain a comprehensive overview of the topic through the authors' holistic approach *Complex ideas are presented logically for ease of understanding. | ||
| 650 |
_aCity planning _91195 |
||
| 650 |
_aArchitectural design _91196 |
||
| 650 |
_aUrban landscape architecture _91197 |
||
| 700 | 1 |
_aHeath, Tim. _91198 |
|
| 700 | 1 |
_aOc, Taner. _91199 |
|
| 700 | 1 |
_aTiesdell, Steve. _91200 |
|
| 856 | 4 | 0 |
_3Amazon.com _uhttp://www.amazon.com/exec/obidos/ASIN/0750636327/chopaconline-20 |
| 942 |
_aSADA _cBK _k711 CAR 2003 _2ddc |
||
| 999 |
_c352256 _d352256 |
||